Online
Catalog

Dos procesos de nuestros anales criminales / (Record no. 38963)

MARC details
000 -CABECERA
campo de control de longitud fija 01912nam a2200313 i 4500
001 - NÚMERO DE CONTROL
campo de control 000039473
003 - IDENTIFICADOR DEL NÚMERO DE CONTROL
campo de control DO-SdBNP
005 - FECHA Y HORA DE LA ÚLTIMA TRANSACCIÓN
campo de control 20250620174843.0
007 - CAMPO FIJO DE DESCRIPCIÓN FÍSICA--INFORMACIÓN GENERAL
campo de control de longitud fija ta
008 - DATOS DE LONGITUD FIJA--INFORMACIÓN GENERAL
campo de control de longitud fija 130702s19381945dr r 000 0 spa d
040 ## - FUENTE DE LA CATALOGACIÓN
Centro catalogador/agencia de origen DO-SdBNP
Lengua de catalogación spa
Centro/agencia transcriptor BNPHU
Normas de descripción rda
082 ## - NÚMERO DE LA CLASIFICACIÓN DECIMAL DEWEY
Número de clasificación 345.729305
Número de documento/Ítem G643d
Número de edición 22
100 1# - ENTRADA PRINCIPAL--NOMBRE DE PERSONA
Nombre de persona González Rodríguez, Manuel Ángel
Término indicativo de función/relación autor
9 (RLIN) 35972
245 10 - MENCIÓN DE TÍTULO
Título Dos procesos de nuestros anales criminales /
Mención de responsabilidad, etc. Manuel Ángel González Rodríguez.
264 ## - PRODUCCIÓN, PUBLICACIÓN, DISTRIBUCIÓN, FABRICACIÓN Y COPYRIGHT
Producción, publicación, distribución, fabricación y copyright Ciudad Trujillo, República Dominicana :
Nombre del de productor, editor, distribuidor, fabricante La Opinión,
Fecha de producción, publicación, distribución, fabricación o copyright 1938-1945.
300 ## - DESCRIPCIÓN FÍSICA
Extensión 3 volumen. :
Otras características físicas ilustraciones, retratos. ;
Dimensiones 24 cm.
336 ## - TIPO DE CONTENIDO
Término de tipo de contenido rdacontent
Código de tipo de contenido texto
Fuente txt
337 ## - TIPO DE MEDIO
Nombre/término del tipo de medio rdamedia
Código del tipo de medio sin mediaciones
Fuente n
338 ## - TIPO DE SOPORTE
Nombre/término del tipo de soporte rdacarrier
Código del tipo de soporte volumen
Fuente nc
500 ## - NOTA GENERAL
Nota general Los ejemplares 2 de los volúmenes 1 y 2 están encuadernados juntos.
500 ## - NOTA GENERAL
Nota general El proceso a cargo de 44 inculpados de Santiago
500 ## - NOTA GENERAL
Nota general Editora : v.1. La Opinión; v. 2. Imp. Listín Diario; v.3. Editora Montalvo
505 1# - NOTA DE CONTENIDO CON FORMATO
Información miscelánea v.1
Título Informes preliminares, datos juridicos, y copias literales de los interrogatorios hecho a los inculpados--
Información miscelánea v.2
Nota de contenido con formato El veredicto de calificación, la sentencia del tribunal criminal y el decreto de indulto a los penados, por excepcional magnanimidad del jefe del Estado --
Información miscelánea v.3
Título Apuntaciones jurídicas sobre el mandamiento de prisión provisional y el Decreto de indulto, los interrogatorios hechos a los acusados; los retratos de éstos y el de los lugares en donde pensaron cometer el crimen; las declaraciones de algunos testigos; la providencia calificativa ; la sentencia condenatoria y una certificación del secretario de la Cámara penal del distrito judicial de Santo Domingo.
590 ## - NOTA LOCAL (RLIN)
Nota local Inventariado, 2018/VM
650 #4 - PUNTO DE ACCESO ADICIONAL DE MATERIA--TÉRMINO DE MATERIA
Término de materia o nombre geográfico como elemento de entrada Procesos (derecho)
Subdivisión geográfica República Dominicana
9 (RLIN) 65662
650 #4 - PUNTO DE ACCESO ADICIONAL DE MATERIA--TÉRMINO DE MATERIA
Término de materia o nombre geográfico como elemento de entrada Administración de justicia
Subdivisión geográfica República Dominicana
9 (RLIN) 10274
910 ## - DATOS DE OPCIÓN DEL USUARIO (OCLC)
Datos de opción del usuario Validado. Control de calidad MFF
942 ## - ELEMENTOS DE PUNTO DE ACCESO ADICIONAL (KOHA)
Fuente del sistema de clasificación o colocación Dewey Decimal Classification
Tipo de ítem Koha Libro
Holdings
Estado de retiro Estado de pérdida No para préstamo Código de colección Localización permanente Ubicación/localización actual Ubicación en estantería Fecha de adquisición Número de inventario Total de préstamos Signatura topográfica completa Código de barras Fecha visto por última vez Precio válido a partir de Tipo de ítem Koha Nota pública Restricciones de uso Fuente del sistema de clasificación o colocación Fuente de adquisición Número de copia
      Dominicana de Servicio Biblioteca Nacional Pedro Henríquez Ureña Biblioteca Nacional Pedro Henríquez Ureña En catalogación 28.10.2024     BNPHU DS 345.729305 G643d 2024-6183 28.10.2024 28.10.2024 Libro Pertenecio a la biblioteca personal de Emilio Cordero Michel Préstamo en sala Dewey Decimal Classification Donado por la Presidencia de la República Dominicana 2023 v.1, e.3
    Excluido de préstamo Patrimonio Dominicano Patrimonio Dominicano Patrimonio Dominicano Depósito 02.07.2013 LF1   345.729305 G643d | v. 1 39473-10 25.06.2020 25.06.2020 Libro y Folleto Colección Patrimonio Dominicano Perteneció a Germán Emilio Ornes        
    Excluido de préstamo Patrimonio Dominicano Patrimonio Dominicano Patrimonio Dominicano Depósito 30.08.2018 LF1   345.729305 G643d | v. 1, e.2 39473-20 25.06.2020 25.06.2020 Libro y Folleto Colección Patrimonio Dominicano Perteneció a la biblioteca personal de Carlos Larrazabal Blanco        
    Excluido de préstamo Patrimonio Dominicano Patrimonio Dominicano Patrimonio Dominicano Depósito 30.08.2018 LF1   345.729305 G643d | v. 2 39473-30 25.06.2020 25.06.2020 Libro y Folleto Colección Patrimonio Dominicano Perteneció a la biblioteca personal de German Emilio Ornes        
    Excluido de préstamo Patrimonio Dominicano Patrimonio Dominicano Patrimonio Dominicano Depósito 30.08.2018 LF1   345.729305 G643d | v. 3 39473-40 25.06.2020 25.06.2020 Libro y Folleto Colección Patrimonio Dominicano          
    Excluido de préstamo Patrimonio Dominicano Patrimonio Dominicano Patrimonio Dominicano Depósito 30.08.2018 LF1   345.729305 G643d | v. 3, e.2 39473-50 25.06.2020 25.06.2020 Libro y Folleto Colección Patrimonio Dominicano Perteneció a la biblioteca personal de Martinez Boog        
      Patrimonio Dominicano Patrimonio Dominicano Patrimonio Dominicano Depósito 03.09.2018 LF1   345.729305 G643d | v. 3, e. 3 39473-60 25.06.2020 25.06.2020 Libro y Folleto Colección Patrimonio Dominicano          

Powered by Koha